LDR 00860naa#a2200169#i#450# 001 EN\\bibl\126789 005 20260701215620.3 011 ## _a1815-588X 100 ## _a20260630b2026####ek#y0engy0150####ca 102 ## _aRU 200 1# _aDevelopment of the Architecture of a Unified Digital Platform for Integrating Telematics Data of Autonomous Refrigerated Wagons with Russian Railways Corporate Systems Based on Industrial Internet of Things and Blockchain Technologies _eJournal article 210 1# _aSaint-Petersburg _cFSBEI HE "Emperor Alexander I St. Petersburg State Transport University" _d2026 215 ## _a12 с. 608 ## _aJournal article _2local 675 ## _aДругие вспомогательные системы, являющиеся частью подвижного состава. 629.4.069 _z 700 #1 _aShevchenko _gAleksey Vladimirovich 856 4# _aatjournal.ru _u